000 00346nam a22001217a 4500
082 _a363.7387
_bCAN
_cD
245 _aVehicular Emission Control Project
260 _aCanada
_bEnvironental Technology Center
300 _averiable pages
_bill. ;
_c24 cm
526 _a0
_b0
_c0
_d363_738700000000000_CAN
650 _aMCE (D)
_938182
942 _2ddc
_cBK
999 _c542822
_d542822